Guess the Location #58 (Set 4) - Statistics

General Stats
  • This quiz has been taken 17 times
  • The average score is 11 of 15
Answer Stats
Capital Sovereign
State?
Continent Location % Correct
Tehran Y Asia Iran
94%
Jerusalem Y Asia Israel
94%
Abu Dhabi Y Asia United Arab Emirates
94%
Sarajevo Y Europe Bosnia and Herzegovina
88%
San Salvador Y N. Amer. El Salvador
88%
Luxembourg Y Europe Luxembourg
88%
Sucre Y S. Amer. Bolivia
82%
Tashkent Y Asia Uzbekistan
82%
Accra Y Africa Ghana
71%
Kigali Y Africa Rwanda
71%
Honiara Y Oceania Solomon Islands
71%
Tórshavn N Europe Faroe Islands
59%
Lomé Y Africa Togo
59%
Saipan N Oceania Northern Mariana Islands
41%
Cockburn Town N N. Amer. Turks and Caicos Islands
29%
No matching quizzes found
Score Distribution
Percent of People with Each Score
Percentile by Number Answered
Your Score History
You have not taken this quiz